000 00271nam a2200109Ia 4500
008 220204s9999 xx 000 0 und d
082 _a82-3
_bINN
100 _aInnes, Hammond
245 4 _aThe Land God gave to Cain
260 _aGreat Britain
_bFontana
_c1977
942 _cBK
999 _c32224
_d32224